Principles of Managerial Finannce:Brief (Record no. 18334)

MARC details
000 -LEADER
fixed length control field 00514nam a22001937a 4500
005 - DATE AND TIME OF LATEST TRANSACTION
control field 20230509143324.0
008 - FIXED-LENGTH DATA ELEMENTS--GENERAL INFORMATION
fixed length control field 230509b |||||||| |||| 00| 0 eng d
020 ## - INTERNATIONAL STANDARD BOOK NUMBER
ISBN 9781292060101
082 ## - DEWEY DECIMAL CLASSIFICATION NUMBER
Classification number 658.15
Item number GIT-P
100 ## - MAIN ENTRY--AUTHOR
Author Name Gitman;Lawrence.J
245 ## - TITLE STATEMENT
Title Principles of Managerial Finannce:Brief
250 ## - EDITION STATEMENT
Edition statement 7th ed.
260 ## - PUBLICATION, DISTRIBUTION, ETC.
Place of Publication England
Name of publisher, distributor, etc. Pearson
Date of publication, distribution, etc. 2015
300 ## - PHYSICAL DESCRIPTION
Pages 659
500 ## - GENERAL NOTE
General note Appendix + Glossary + Index are given.
650 ## - SUBJECT ADDED ENTRY--TOPICAL TERM
Subject / Department Management
-- Banking
700 ## - ADDED ENTRY--PERSONAL NAME
Personal name Lawrence.J.Gitman
952 ## - LOCATION AND ITEM INFORMATION (KOHA)
-- 0
-- 0
-- 6 Copies available
952 ## - LOCATION AND ITEM INFORMATION (KOHA)
-- 0
-- 0
952 ## - LOCATION AND ITEM INFORMATION (KOHA)
-- 0
-- 0
952 ## - LOCATION AND ITEM INFORMATION (KOHA)
-- 0
-- 0
952 ## - LOCATION AND ITEM INFORMATION (KOHA)
-- 0
-- 0
952 ## - LOCATION AND ITEM INFORMATION (KOHA)
-- 0
-- 0
952 ## - LOCATION AND ITEM INFORMATION (KOHA)
-- 0
-- 0
Holdings
Lost status Damaged status Permanent Location Current Location Shelving Location Date acquired Source of acquisition Full Call Number Accession No./Barcode Date last seen item type Collection code Koha item type
    Superior Information Resource Center (SIRC) Superior University - City Campus Superior Information Resource Center (SIRC) Superior University - City Campus Management 05/09/2023 Imperial books 658.15 GIT-P 2015 15900 05/09/2023 BOOK Management BOOK
    Superior Information Resource Center (SIRC) Superior University- Main Campus Superior Information Resource Center (SIRC) Superior University- Main Campus Management 05/09/2023 Imperial books 658.15 GIT-P 2015 15904 05/09/2023 BOOK    
    Superior Information Resource Center (SIRC) Superior University- Main Campus Superior Information Resource Center (SIRC) Superior University- Main Campus Management 05/09/2023 Imperial books 658.15 GIT-P 2015 15903 05/09/2023 BOOK    
    Superior Information Resource Center (SIRC) Superior University- Main Campus Superior Information Resource Center (SIRC) Superior University- Main Campus Management 05/09/2023 Imperial books 658.15 GIT-P 2015 15902 05/09/2023 BOOK    
    Superior Information Resource Center (SIRC) Superior University- Main Campus Superior Information Resource Center (SIRC) Superior University- Main Campus Management 05/09/2023 Imperial books 658.15 GIT-P 2015 15901 05/09/2023 BOOK    
    Superior Information Resource Center (SIRC) Superior University- Main Campus Superior Information Resource Center (SIRC) Superior University- Main Campus Management 05/09/2023 Imperial books 658.15 GIT-P 2015 15899 05/09/2023 BOOK    
    Superior Information Resource Center (SIRC) Superior University- Main Campus Superior Information Resource Center (SIRC) Superior University- Main Campus Management 05/09/2023 Imperial books 658.15 GIT-P 2015 15898 05/09/2023 BOOK    

Powered by Koha